[Event "CAN-op"]
[Site "Sault Ste Marie CAN"]
[Date "2017.07.10"]
[Round "3.5"]
[White "Samsonkin, Artiom"]
[Black "Cummings, David"]
[Result "1-0"]
[WhiteElo "2426"]
[BlackElo "2313"]
[PlyCount "103"]
[EventDate "2017.07.08"]
[EventType "swiss"]
[EventRounds "9"]
[EventCountry "CAN"]

1. d4 d5 2. Nf3 Nf6 3. Bf4 c5 4. e3 Nc6 5. c3 Qb6 6. Qc1 Bf5 7. Nbd2 e6 8. Nh4
Bg4 9. h3 Bh5 10. g4 Bg6 11. g5 Nd7 12. Nxg6 hxg6 13. Nf3 Rc8 14. Qd2 Be7 15.
h4 cxd4 16. exd4 Na5 17. Qc2 Bd6 18. Be3 Nc4 19. O-O-O Ke7 20. Bxc4 Rxc4 21.
Kb1 Qc7 22. Rde1 Rh5 23. Bc1 Nb6 24. Rh3 Rc6 25. Nd2 Qd7 26. Nf1 Nc4 27. f4 Kd8
28. Rh1 Rb6 29. Ka1 Be7 30. Ng3 Rh8 31. h5 gxh5 32. g6 h4 33. gxf7 Rh6 34. Nf1
Bf8 35. f5 Rh5 36. b3 Na3 37. Bxa3 Bxa3 38. b4 Qxf7 39. Qb3 Bxb4 40. cxb4 Qxf5
41. Ne3 Qf4 42. Qb2 h3 43. Rhf1 Qd6 44. a3 Rg5 45. Qf2 Ra6 46. Kb2 Rc6 47. Qh4
Qh2+ 48. Rf2 Qg3 49. Qh8+ Kc7 50. Rf7+ Kb6 51. Qd8+ Rc7 52. Rxc7 1-0

[Event "CAN-op"]
[Site "Sault Ste Marie CAN"]
[Date "2017.07.11"]
[Round "4.2"]
[White "Cherniaev, Alexander"]
[Black "Samsonkin, Artiom"]
[Result "0-1"]
[WhiteElo "2426"]
[BlackElo "2426"]
[PlyCount "66"]
[EventDate "2017.07.08"]
[EventType "swiss"]
[EventRounds "9"]
[EventCountry "CAN"]

1. d4 Nf6 2. c4 e6 3. g3 Bb4+ 4. Bd2 Qe7 5. Bg2 Nc6 6. e3 e5 7. d5 Bxd2+ 8.
Qxd2 Nb8 9. Nc3 d6 10. h3 a5 11. Nge2 h5 12. f4 Na6 13. O-O Nc5 14. f5 Bd7 15.
b3 g6 16. fxg6 fxg6 17. Qc2 Qg7 18. a3 O-O 19. b4 axb4 20. axb4 Rxa1 21. Rxa1
Na6 22. Rb1 Qh6 23. Qd3 h4 24. g4 Bxg4 25. hxg4 Nxg4 26. Rf1 h3 27. Bxh3 Rxf1+
28. Kxf1 Nxb4 29. Qe4 Qxh3+ 30. Ke1 Kg7 31. Kd2 Na6 32. Nf4 exf4 33. Qe7+ Kh6
0-1

[Event "CAN-op"]
[Site "Sault Ste Marie CAN"]
[Date "2017.07.12"]
[Round "5.1"]
[White "Samsonkin, Artiom"]
[Black "Yang, Kaiqi"]
[Result "0-1"]
[WhiteElo "2426"]
[BlackElo "2415"]
[PlyCount "78"]
[EventDate "2017.07.08"]
[EventType "swiss"]
[EventRounds "9"]
[EventCountry "CAN"]

1. e4 e5 2. Nf3 Nc6 3. Bc4 Bc5 4. O-O Nf6 5. d4 Bxd4 6. Nxd4 Nxd4 7. f4 d6 8.
fxe5 dxe5 9. Bg5 Qe7 10. Na3 Bd7 11. c3 Ne6 12. Bxf6 gxf6 13. Qf3 Nf4 14. g3
Nh3+ 15. Kh1 O-O-O 16. Bd5 c6 17. Bb3 Ng5 18. Qxf6 Qxf6 19. Rxf6 Nxe4 20. Rxf7
Bh3 21. Nc4 Ng5 22. Rf6 Rhf8 23. Rh6 Rf2 24. Rh5 h6 25. Rxh6 Re2 26. Rg1 Bf5
27. Ra1 Be4+ 28. Kg1 Rg2+ 29. Kf1 Rf8+ 30. Ke1 Rg1+ 31. Ke2 Rxa1 32. h4 Bf3+
33. Kd3 e4+ 34. Kd4 Nf7 35. Rf6 Rd8+ 36. Ke3 Rf1 37. Bc2 Bg2 38. Bxe4 Rxf6 39.
Bxg2 Re8+ 0-1

[Event "CAN-op"]
[Site "Sault Ste Marie CAN"]
[Date "2017.07.13"]
[Round "6.3"]
[White "Chopra, Aryan"]
[Black "Samsonkin, Artiom"]
[Result "1-0"]
[WhiteElo "2491"]
[BlackElo "2426"]
[PlyCount "96"]
[EventDate "2017.07.08"]
[EventType "swiss"]
[EventRounds "9"]
[EventCountry "CAN"]

1. e4 e6 2. d4 d5 3. Nc3 dxe4 4. Nxe4 Bd7 5. Nf3 Bc6 6. Bd3 Nd7 7. O-O Ngf6 8.
Ng3 Be7 9. c4 Bxf3 10. Qxf3 c5 11. Be3 Qb6 12. d5 Ne5 13. Qe2 Nxd3 14. Qxd3 O-O
15. dxe6 Qxe6 16. Rfe1 Rfd8 17. Qc2 Qc6 18. Bg5 Rd7 19. Qc3 Rf8 20. Nf5 Bd8 21.
Bh6 g6 22. Bxf8 Kxf8 23. Ng3 h5 24. Rad1 Rxd1 25. Rxd1 Bc7 26. Qf3 Qxf3 27.
gxf3 Ke7 28. Ne4 Nd7 29. Nc3 Be5 30. Nd5+ Ke6 31. b3 g5 32. Kg2 Nf8 33. h4 Ng6
34. hxg5 Nh4+ 35. Kf1 Nxf3 36. Rd3 Nd4 37. Re3 Nc2 38. Rh3 b5 39. Rxh5 bxc4 40.
bxc4 a5 41. Rh6+ Kf5 42. Ra6 Ke4 43. Rxa5 Kd4 44. Ne3 Nb4 45. Ra7 Bf4 46. Rd7+
Ke4 47. Nd5 Nxa2 48. Re7+ Be5 1-0

[Event "CAN-op"]
[Site "Sault Ste Marie CAN"]
[Date "2017.07.14"]
[Round "7.6"]
[White "Samsonkin, Artiom"]
[Black "Plotkin, Victor"]
[Result "1/2-1/2"]
[WhiteElo "2426"]
[BlackElo "2265"]
[PlyCount "156"]
[EventDate "2017.07.08"]
[EventType "swiss"]
[EventRounds "9"]
[EventCountry "CAN"]

1. e4 e5 2. Nf3 Nf6 3. Bc4 Nxe4 4. Nc3 Nxc3 5. dxc3 c6 6. Nxe5 d5 7. Bd3 Bd6 8.
O-O O-O 9. Re1 Qc7 10. Nf3 Nd7 11. c4 dxc4 12. Bxc4 Nc5 13. b4 Ne6 14. a3 b5
15. Ba2 c5 16. bxc5 Bxc5 17. Bb2 Bb7 18. Ne5 Rad8 19. Qg4 Bd5 20. Nd3 Bd4 21.
Bxd4 Nxd4 22. Qxd4 Bxa2 23. Qe5 Qxe5 24. Nxe5 Bd5 25. a4 bxa4 26. c4 Ba8 27.
Rxa4 f6 28. Ng4 Rf7 29. Rea1 Rdd7 30. Kf1 Rc7 31. Ne3 Rfd7 32. Ke2 Kf7 33. Ra5
Bb7 34. Rb1 Be4 35. Rb3 Rb7 36. Rxb7 Rxb7 37. f3 Bc6 38. Ra6 Bd7 39. Kd3 Be6
40. Kd4 Ke7 41. h4 Rd7+ 42. Kc5 Rc7+ 43. Kb5 Kd7 44. h5 f5 45. f4 Bf7 46. h6
gxh6 47. Rxh6 Bg6 48. Rh1 Ke6 49. Nd5 Rg7 50. Kc5 Kd7 51. Ra1 Kc8 52. Kc6 h5
53. Kd6 h4 54. Ne7+ Kb7 55. c5 Be8 56. Rb1+ Ka6 57. Rb2 Rg3 58. Nxf5 Rd3+ 59.
Ke7 Bc6 60. Nxh4 Rd5 61. f5 Rxc5 62. f6 Bd5 63. f7 Bxf7 64. Kxf7 Ka5 65. Ke6
Rg5 66. Nf5 Ka4 67. Ne3 Rg3 68. Nc4 a5 69. Ke5 Rg5+ 70. Kf4 Rg4+ 71. Kf5 Rxc4
72. g4 Ka3 73. Rb5 a4 74. g5 Ka2 75. g6 Rc7 76. Kf6 a3 77. Ra5 Kb2 78. Rb5+ Ka1
1/2-1/2

[Event "CAN-op"]
[Site "Sault Ste Marie CAN"]
[Date "2017.07.15"]
[Round "8.5"]
[White "Perez, Rodney"]
[Black "Samsonkin, Artiom"]
[Result "1-0"]
[WhiteElo "2299"]
[BlackElo "2426"]
[PlyCount "115"]
[EventDate "2017.07.08"]
[EventType "swiss"]
[EventRounds "9"]
[EventCountry "CAN"]

1. e4 c5 2. Nf3 d6 3. Bb5+ Nd7 4. d4 Ngf6 5. Nc3 cxd4 6. Qxd4 a6 7. Bxd7+ Bxd7
8. Bg5 h6 9. Bxf6 gxf6 10. Nd5 Rc8 11. c3 h5 12. O-O Bb5 13. Rfe1 Bh6 14. b3
Kf8 15. c4 Bc6 16. Rad1 b5 17. Nb6 Rb8 18. c5 Qc7 19. Nd5 Bxd5 20. cxd6 Qxd6
21. exd5 Rg8 22. Qe4 Rd8 23. Nd4 Qe5 24. Qf3 Qf4 25. Qxh5 Qg5 26. Qf3 Rxd5 27.
g3 e6 28. Rxe6 Rxd4 29. Rxd4 fxe6 30. Rd7 Ke8 31. Ra7 Qd5 32. Qxf6 Rg7 33. Qxh6
Qd1+ 34. Kg2 Qd5+ 35. f3 Rxa7 36. Qh8+ Kf7 37. Qh7+ Kf6 38. Qxa7 Qd3 39. h4 a5
40. Qf2 a4 41. bxa4 bxa4 42. Qb2+ Kg6 43. a3 Qb3 44. Qc1 Qa2+ 45. Kh3 Qb3 46.
Kg4 Qd3 47. h5+ Kh7 48. Qc7+ Kg8 49. Qb8+ Kh7 50. Qa7+ Kh6 51. Qc5 Qd7 52. Qg5+
Kh7 53. Qg6+ Kh8 54. Qf6+ Kg8 55. h6 e5+ 56. Kg5 e4 57. Qg6+ Kh8 58. Qg7+ 1-0

[Event "CAN-op"]
[Site "Sault Ste Marie CAN"]
[Date "2017.07.16"]
[Round "9.8"]
[White "Samsonkin, Artiom"]
[Black "Itkin, David"]
[Result "1/2-1/2"]
[WhiteElo "2426"]
[BlackElo "2181"]
[PlyCount "116"]
[EventDate "2017.07.08"]
[EventType "swiss"]
[EventRounds "9"]
[EventCountry "CAN"]

1. e4 c6 2. d4 d5 3. e5 Bf5 4. h4 h5 5. c4 e6 6. Nc3 Ne7 7. Nge2 Nd7 8. Ng3 Bg6
9. cxd5 Nxd5 10. Be2 N7b6 11. Nce4 Be7 12. a3 Qc7 13. Ng5 Bxg5 14. hxg5 h4 15.
Nh5 Bxh5 16. Bxh5 g6 17. Bg4 O-O-O 18. Qf3 Kb8 19. O-O Rh7 20. a4 a6 21. b3 Qe7
22. Bd2 c5 23. dxc5 Qxc5 24. Qe4 Nc3 25. Qe3 Qxe3 26. Bxe3 Nbd5 27. Bd4 Ne4 28.
Rfe1 Nd2 29. Bd1 h3 30. g3 Nf4 31. Bb6 Nd3 32. Bxd8 Nxe1 33. Ra2 Ndf3+ 34. Kh1
Rh8 35. Ba5 Rc8 36. Bxe1 Nxe1 37. Kh2 Rc5 38. f4 Nd3 39. Kxh3 Rc1 40. Be2 Nc5
41. b4 Ne4 42. Bd3 Nc3 43. Ra3 Kc7 44. g4 Nd5 45. f5 Nf4+ 46. Kg3 Nxd3 47. Rxd3
Rg1+ 48. Kf3 exf5 49. gxf5 Rxg5 50. fxg6 Rxe5 51. Kf4 Re6 52. Rc3+ Kd7 53. gxf7
Rf6+ 54. Ke5 Rxf7 55. b5 axb5 56. axb5 Rh7 57. b6 Rh5+ 58. Kd4 Rb5 1/2-1/2

[Event "Chess-to-Remember Active"]
[Site "Toronto CAN"]
[Date "2016.09.25"]
[Round "1.3"]
[White "Samsonkin, Artiom"]
[Black "Cai, Jason"]
[Result "1-0"]
[WhiteElo "2557"]
[BlackElo "2178"]
[PlyCount "65"]
[EventDate "2016.09.25"]
[EventType "swiss (rapid)"]
[EventRounds "5"]
[EventCountry "CAN"]

1. e4 e6 2. d4 d5 3. Nc3 Bb4 4. e5 c5 5. a3 Bxc3+ 6. bxc3 Qa5 7. Bd2 Qa4 8.
dxc5 Ne7 9. Rb1 Nbc6 10. Nf3 Qe4+ 11. Qe2 Qxc2 12. Qd3 Qxd3 13. Bxd3 Ng6 14.
Bb5 Bd7 15. O-O Ngxe5 16. Nxe5 Nxe5 17. Bxd7+ Nxd7 18. Rxb7 Nxc5 19. Rc7 Ne4
20. Bf4 O-O 21. f3 Nf6 22. Rb1 Rfc8 23. Rxc8+ Rxc8 24. Rb7 Ra8 25. a4 a6 26.
Kf2 Ne8 27. Bb8 f6 28. Ke3 e5 29. f4 exf4+ 30. Kd4 a5 31. Rb6 Kf7 32. Kxd5 Ke7
33. Kc6 1-0

[Event "Chess-to-Remember Active"]
[Site "Toronto CAN"]
[Date "2016.09.25"]
[Round "2.3"]
[White "Zhang, Yuanchen"]
[Black "Samsonkin, Artiom"]
[Result "0-1"]
[WhiteElo "2323"]
[BlackElo "2557"]
[PlyCount "79"]
[EventDate "2016.09.25"]
[EventType "swiss (rapid)"]
[EventRounds "5"]
[EventCountry "CAN"]

1. e4 e6 2. d4 d5 3. Nc3 dxe4 4. Nxe4 Bd7 5. Nf3 Bc6 6. Bd3 Nd7 7. O-O Ngf6 8.
Qe2 Be7 9. c3 O-O 10. Nxf6+ Bxf6 11. Bf4 Bxf3 12. Qxf3 c6 13. Rfe1 Qb6 14. Re2
Rfe8 15. Qg3 Rac8 16. a4 a5 17. h4 c5 18. Bb5 Red8 19. dxc5 Nxc5 20. Be3 Rd5
21. Rb1 Qd8 22. Qg4 h5 23. Qh3 Bxh4 24. Bc4 Rd1+ 25. Rxd1 Qxd1+ 26. Kh2 Ne4 27.
Bb5 Bf6 28. Qxh5 Nd6 29. Qf3 Nxb5 30. axb5 Be5+ 31. g3 Rc4 32. Kg2 Qd7 33. Rd2
Qc8 34. Rd1 a4 35. Qh5 Bf6 36. Rh1 Kf8 37. Rd1 g6 38. Qf3 Ke7 39. Bb6 Be5 40.
Rd8 0-1

[Event "Chess-to-Remember Active"]
[Site "Toronto CAN"]
[Date "2016.09.25"]
[Round "3.5"]
[White "Samsonkin, Artiom"]
[Black "Aniunoh, Chike"]
[Result "1-0"]
[WhiteElo "2557"]
[BlackElo "2141"]
[PlyCount "67"]
[EventDate "2016.09.25"]
[EventType "swiss (rapid)"]
[EventRounds "5"]
[EventCountry "CAN"]

1. e4 e6 2. d4 d5 3. Nc3 Be7 4. e5 b6 5. h4 Ba6 6. Bxa6 Nxa6 7. h5 Qd7 8. Qe2
Nb4 9. a3 Nc6 10. Qg4 Bf8 11. Nf3 Nge7 12. h6 gxh6 13. Bxh6 Bxh6 14. Rxh6 Nf5
15. Rxh7 O-O-O 16. Rxh8 Rxh8 17. O-O-O Qd8 18. Qf4 Rh7 19. g4 Nfe7 20. Ng5 Ng6
21. Qe3 Rg7 22. Nf3 Nh4 23. Nxh4 Qxh4 24. f3 Rh7 25. Ne2 Na5 26. b3 Qh2 27. Nf4
Rh4 28. Kb2 Kb7 29. Rg1 Kb8 30. Rg2 Qh1 31. Qf2 Kb7 32. Nh5 Rh3 33. Ng3 Qd1 34.
Rg1 1-0

[Event "Chess-to-Remember Active"]
[Site "Toronto CAN"]
[Date "2016.09.25"]
[Round "4.2"]
[White "Thavandiran, Shiyam"]
[Black "Samsonkin, Artiom"]
[Result "1-0"]
[WhiteElo "2474"]
[BlackElo "2557"]
[PlyCount "119"]
[EventDate "2016.09.25"]
[EventType "swiss (rapid)"]
[EventRounds "5"]
[EventCountry "CAN"]

1. e4 e6 2. d4 d5 3. Nc3 dxe4 4. Nxe4 Bd7 5. Nf3 Bc6 6. Bd3 Nd7 7. O-O Ngf6 8.
Ng3 Be7 9. Re1 O-O 10. c3 Bd5 11. Ne5 c5 12. c4 Bc6 13. Nxc6 bxc6 14. dxc5 Bxc5
15. Qe2 Qb6 16. Rb1 a5 17. Rf1 Rfd8 18. Bc2 Bd4 19. b3 c5 20. Kh1 Qc7 21. Bd2
Nf8 22. Rbe1 Ng6 23. f4 Re8 24. Ne4 Nxe4 25. Bxe4 Ra7 26. Qd3 Rd8 27. Qc2 Bf6
28. f5 exf5 29. Rxf5 Qb6 30. Be3 Bd4 31. Bxd4 Rxd4 32. Bd5 Kf8 33. Qe2 Qd8 34.
Qe6 Rf4 35. Rxf4 Nxf4 36. Qc6 Rc7 37. Qb6 g6 38. Qxa5 Qd6 39. Qc3 f6 40. Bf3
Kg7 41. Rd1 Qe7 42. Re1 Qd6 43. Qe3 g5 44. Rd1 Qa6 45. h4 h6 46. Rd8 Ne6 47.
Re8 Nd4 48. Re7+ Rxe7 49. Qxe7+ Kh8 50. Qf8+ Kh7 51. Qf7+ Kh8 52. Bd5 Qc8 53.
Qxf6+ Kh7 54. Be4+ Kg8 55. Qg6+ Kf8 56. Qxh6+ Ke7 57. Qxg5+ Kd6 58. Qd5+ Ke7
59. Qe5+ Kd7 60. Bf5+ 1-0

[Event "Chess-to-Remember Active"]
[Site "Toronto CAN"]
[Date "2016.09.25"]
[Round "5.5"]
[White "Samsonkin, Artiom"]
[Black "Cormier, Adam"]
[Result "1-0"]
[WhiteElo "2557"]
[BlackElo "2200"]
[PlyCount "75"]
[EventDate "2016.09.25"]
[EventType "swiss (rapid)"]
[EventRounds "5"]
[EventCountry "CAN"]

1. e4 c5 2. Nf3 d6 3. d4 cxd4 4. Qxd4 Nc6 5. Bb5 Bd7 6. Bxc6 bxc6 7. O-O e5 8.
Qd3 Qc7 9. c4 Ne7 10. Nc3 Ng6 11. Be3 Be7 12. Rfd1 Rd8 13. Ne2 O-O 14. Ng3 Bg4
15. Nf5 Rfe8 16. Kh1 Bf8 17. Qc2 Nf4 18. Rd2 g6 19. Bxf4 exf4 20. N5d4 Bg7 21.
h3 Bc8 22. Rad1 Bb7 23. c5 dxc5 24. Nb3 Rxd2 25. Rxd2 c4 26. Nc5 Bc8 27. Qxc4
Qb6 28. Ng5 Rf8 29. b4 h6 30. Nf3 a5 31. bxa5 Qxa5 32. Rd6 Qb6 33. Rxg6 Kh7 34.
Rd6 Rd8 35. e5 Rf8 36. Kh2 Be6 37. Qc2+ Kg8 38. Nxe6 1-0

[Event "Hart House Holidays op"]
[Site "Toronto CAN"]
[Date "2015.12.18"]
[Round "1"]
[White "Samsonkin, Artiom"]
[Black "Yu, Jonathan"]
[Result "1-0"]
[WhiteElo "2546"]
[BlackElo "2236"]
[PlyCount "77"]
[EventDate "2015.12.18"]
[EventType "swiss"]
[EventRounds "5"]
[EventCountry "CAN"]

1. e4 e6 2. d4 d5 3. Nd2 c5 4. Ngf3 cxd4 5. exd5 Qxd5 6. Bc4 Qd6 7. O-O Nf6 8.
Nb3 Nc6 9. Nbxd4 Nxd4 10. Nxd4 a6 11. Bb3 Qc7 12. Qf3 Bd6 13. Kh1 O-O 14. Bg5
Nd7 15. c3 b6 16. Rad1 Bb7 17. Qh3 Nc5 18. Bc2 Ne4 19. Nxe6 Qd7 20. Bxe4 Bxe4
21. f3 fxe6 22. fxe4 Be5 23. Be3 Qc6 24. Bg1 Rxf1 25. Rxf1 Rd8 26. Qh5 Bf6 27.
e5 Rd2 28. Rf3 Rd5 29. Re3 g6 30. Qf3 Bg7 31. c4 Rc5 32. Qd1 Rxe5 33. Qd8+ Kf7
34. Rd3 g5 35. Rd7+ Kg6 36. Qe8+ Kh6 37. Qf7 Qxd7 38. Qxd7 Re1 39. h4 1-0

[Event "Hart House Holidays op"]
[Site "Toronto CAN"]
[Date "2015.12.19"]
[Round "2"]
[White "Ivanov, Mike"]
[Black "Samsonkin, Artiom"]
[Result "0-1"]
[WhiteElo "2317"]
[BlackElo "2546"]
[PlyCount "142"]
[EventDate "2015.12.18"]
[EventType "swiss"]
[EventRounds "5"]
[EventCountry "CAN"]

1. e4 c5 2. Nf3 Nc6 3. Bb5 d6 4. Bxc6+ bxc6 5. e5 dxe5 6. Nxe5 Qd5 7. Nf3 Qe4+
8. Kf1 Nf6 9. d3 Qf5 10. Nbd2 Ba6 11. Qe2 g6 12. b3 Bg7 13. Bb2 O-O 14. Qe5
Rfe8 15. Qxf5 gxf5 16. Ne5 Nd5 17. a3 Bxe5 18. Bxe5 f6 19. Bb2 e5 20. g3 Rad8
21. Kg2 e4 22. Rae1 Kf7 23. Nc4 Bxc4 24. dxc4 Nc7 25. Bc3 Ne6 26. Kf1 Nd4 27.
Bxd4 cxd4 28. Ke2 Ke6 29. Kd2 Ke5 30. f3 h5 31. fxe4 fxe4 32. Rhf1 f5 33. Rf4
Kf6 34. Ref1 Re5 35. Re1 Kg5 36. Rff1 Rh8 37. Rg1 Kf6 38. Ref1 Rd8 39. Re1 Kg5
40. Rgf1 Re6 41. Rf4 d3 42. Re3 dxc2+ 43. Kxc2 Rh8 44. Rh4 Rd6 45. Re2 Rd3 46.
Rf2 Re8 47. Rhf4 Re5 48. Rf1 a5 49. a4 c5 50. R1f2 Rd4 51. Re2 Re6 52. Re1 Rd3
53. Ref1 Re5 54. R1f2 Rd4 55. Re2 Rd7 56. Kc1 Rd3 57. Kc2 Rf3 58. Rh4 Re8 59.
Rd2 e3 60. Re2 f4 61. Kd3 Rf1 62. Rxf4 Rxf4 63. gxf4+ Kxf4 64. b4 Kf3 65. Re1
Rd8+ 66. Kc2 cxb4 67. Rf1+ Kg2 68. Rf5 e2 69. Rg5+ Kf3 70. Rf5+ Ke4 71. Rf7
e1=N+ 0-1

[Event "Hart House Holidays op"]
[Site "Toronto CAN"]
[Date "2015.12.19"]
[Round "3"]
[White "Samsonkin, Artiom"]
[Black "Song, Michael"]
[Result "1-0"]
[WhiteElo "2546"]
[BlackElo "2421"]
[PlyCount "143"]
[EventDate "2015.12.18"]
[EventType "swiss"]
[EventRounds "5"]
[EventCountry "CAN"]

1. e4 e5 2. Nf3 Nc6 3. Bc4 Bc5 4. c3 Nf6 5. d3 d6 6. O-O O-O 7. Bb3 Bb6 8. Nbd2
Ne7 9. Re1 Ng6 10. Nf1 c6 11. Ng3 Be6 12. h3 h6 13. d4 Re8 14. Bc2 Bc7 15. Be3
Nh7 16. Qd2 Nh4 17. Nxh4 Qxh4 18. dxe5 dxe5 19. Bb3 h5 20. Rad1 g6 21. Bxe6
Rxe6 22. Qc2 Bb6 23. Rd7 Re7 24. Rd6 Bxe3 25. Rxe3 Nf8 26. Qd2 Qg5 27. Nf5 Re6
28. Rg3 Qxd2 29. Rxd2 Ree8 30. Nd6 Red8 31. Rgd3 Rd7 32. Nc4 Rxd3 33. Rxd3 f6
34. Na5 Rb8 35. c4 c5 36. Rd5 b6 37. Nc6 Rb7 38. Rd6 Kg7 39. a3 Rc7 40. b4 Kf7
41. b5 Ne6 42. Nd8+ Nxd8 43. Rxd8 a6 44. a4 axb5 45. axb5 Ra7 46. Rb8 Ra1+ 47.
Kh2 Ra4 48. Rb7+ Kg8 49. Rxb6 Rxc4 50. Rxf6 Kg7 51. Rc6 Rxe4 52. Rxc5 h4 53. f3
Re1 54. Rc4 Rb1 55. Rxh4 Rxb5 56. Re4 Kf6 57. h4 Rb2 58. Kh3 Rf2 59. Ra4 Kf7
60. Ra6 Re2 61. Ra4 Rf2 62. Re4 Kf6 63. Re3 Kf5 64. Ra3 Re2 65. Ra6 e4 66. Ra5+
Kf6 67. f4 Kg7 68. h5 gxh5 69. Rxh5 e3 70. Re5 Re1 71. Kg4 Kf6 72. g3 1-0

[Event "Hart House Holidays op"]
[Site "Toronto CAN"]
[Date "2015.12.20"]
[Round "5"]
[White "Preotu, Razvan"]
[Black "Samsonkin, Artiom"]
[Result "1-0"]
[WhiteElo "2607"]
[BlackElo "2546"]
[PlyCount "233"]
[EventDate "2015.12.18"]
[EventType "swiss"]
[EventRounds "5"]
[EventCountry "CAN"]

1. e4 e6 2. d4 d5 3. Nd2 Be7 4. Ngf3 Nf6 5. e5 Ne4 6. Bd3 Nxd2 7. Nxd2 c5 8.
Qg4 g6 9. dxc5 Nd7 10. Nf3 Qc7 11. O-O h5 12. Qf4 Nxc5 13. Re1 Bd7 14. Bd2 Rc8
15. b4 Ne4 16. Bxe4 dxe4 17. Ng5 f5 18. exf6 Qxf4 19. Bxf4 Bxf6 20. Rad1 Bxg5
21. Bxg5 Rc4 22. c3 Rf8 23. Rd6 Rf5 24. h4 Rd5 25. Rxd5 exd5 26. Bf6 Kf7 27.
Bd4 a5 28. a3 axb4 29. axb4 Rc6 30. b5 Rc4 31. b6 Ra4 32. Kh2 Ke6 33. Re3 Ra2
34. Rg3 Kf7 35. Rg5 Bf5 36. g4 hxg4 37. h5 e3 38. Bxe3 Kf6 39. hxg6 Rxf2+ 40.
Kg1 Rf3 41. g7 Be6 42. Bd2 Rd3 43. Bf4 Bg8 44. Rxg4 Rxc3 45. Bd6 Rc6 46. Bc7
Rc4 47. Rg3 d4 48. Kf2 Rc2+ 49. Ke1 Rc6 50. Kd2 Kf7 51. Be5 Rxb6 52. Bxd4 Rg6
53. Rf3+ Ke7 54. Rf8 Bc4 55. Ke3 b5 56. Rb8 Rg4 57. Rb6 Kf7 58. Be5 Bd5 59. Rb8
Ke7 60. Rxb5 Ke6 61. Bd4 Kd6 62. Rb6+ Ke7 63. Rb8 Re4+ 64. Kd3 Rg4 65. Bb2 Kd7
66. Bf6 Bf7 67. Ke3 Ke6 68. Rb6+ Kf5 69. Bb2 Rg6 70. Rb5+ Ke6 71. Kf4 Rg1 72.
Rb6+ Ke7 73. Bf6+ Kd7 74. Bg5 Rf1+ 75. Ke5 Re1+ 76. Kf5 Rf1+ 77. Bf4 Bg8 78.
Rb7+ Kc6 79. Rc7+ Kd5 80. Rd7+ Kc6 81. Rd6+ Kc5 82. Rd8 Ba2 83. g8=Q Bxg8 84.
Rxg8 Kd5 85. Rd8+ Kc6 86. Ke4 Re1+ 87. Be3 Kc7 88. Rd3 Kc6 89. Ke5 Kc7 90. Ke6
Kc6 91. Rc3+ Kb5 92. Kd5 Kb4 93. Rd3 Rh1 94. Bc5+ Kb5 95. Rb3+ Ka4 96. Rb4+ Ka5
97. Rb8 Ka4 98. Be3 Rh4 99. Bd4 Ka5 100. Kc4 Rh6 101. Rb1 Ka6 102. Be3 Rg6 103.
Kc5 Re6 104. Bf4 Re2 105. Bd6 Rc2+ 106. Kd5 Ka5 107. Bc5 Ka4 108. Rb4+ Ka3 109.
Kd4 Ka2 110. Rb5 Rb2 111. Bb4 Rh2 112. Bc3 Rh4+ 113. Kd3 Ka3 114. Bd4 Ka4 115.
Rb1 Ka3 116. Kc4 Rh2 117. Rb8 1-0

[Event "Ontario op"]
[Site "Brantford CAN"]
[Date "2015.05.16"]
[Round "1.4"]
[White "Samsonkin, Artiom"]
[Black "Cormier, Adam"]
[Result "1/2-1/2"]
[WhiteElo "2540"]
[BlackElo "2167"]
[PlyCount "102"]
[EventDate "2015.05.16"]
[EventType "swiss"]
[EventRounds "6"]
[EventCountry "CAN"]

1. e4 c5 2. Nf3 d6 3. d4 cxd4 4. Qxd4 Nc6 5. Bb5 Bd7 6. Qd3 a6 7. Bxc6 Bxc6 8.
c4 Nf6 9. Nc3 g6 10. O-O Bg7 11. Bg5 O-O 12. Rfe1 h6 13. Be3 Ng4 14. Bd2 Qb6
15. Nd1 Ba4 16. Re2 Rac8 17. h3 Ne5 18. Nxe5 dxe5 19. b3 Bc6 20. Bc3 e6 21. Nb2
Kh7 22. Qg3 Qc7 23. Nd3 f6 24. f4 exf4 25. Nxf4 g5 26. Nh5 Qxg3 27. Nxg3 Kg6
28. Rd1 Rcd8 29. Red2 Rxd2 30. Rxd2 h5 31. Rd6 Re8 32. e5 fxe5 33. b4 h4 34.
Nf1 Kf5 35. Ne3+ Ke4 36. Ng4 Re7 37. Rd1 Rd7 38. Nf2+ Kf5 39. Rf1 Kg6 40. Re1
e4 41. Bxg7 Kxg7 42. a4 Bxa4 43. Nxe4 Rd4 44. Nc5 Bd7 45. Nxd7 Rxd7 46. Rxe6
Rd4 47. Re7+ Kg6 48. Rxb7 Rxc4 49. Kf2 Kf5 50. Rb6 Rc2+ 51. Kf3 Rb2 1/2-1/2

[Event "Ontario op"]
[Site "Brantford CAN"]
[Date "2015.05.16"]
[Round "2.4"]
[White "Chong, Kurtis"]
[Black "Samsonkin, Artiom"]
[Result "0-1"]
[WhiteElo "2113"]
[BlackElo "2540"]
[PlyCount "74"]
[EventDate "2015.05.16"]
[EventType "swiss"]
[EventRounds "6"]
[EventCountry "CAN"]

1. d4 Nf6 2. c4 g6 3. Nc3 Bg7 4. e4 d6 5. Nf3 O-O 6. Be2 Na6 7. O-O e5 8. d5
Nc5 9. Qc2 a5 10. Ne1 Bd7 11. f3 Nh5 12. Nd3 b6 13. Nxc5 bxc5 14. Rd1 f5 15.
Be3 Bf6 16. Nb5 Rf7 17. a3 Bg5 18. Qd2 Bf4 19. Bxf4 Nxf4 20. Bd3 h5 21. Bc2 h4
22. Kh1 Kg7 23. b4 axb4 24. axb4 Rxa1 25. Rxa1 cxb4 26. Qxb4 Bxb5 27. cxb5 h3
28. g3 Ne2 29. Bd3 Nd4 30. exf5 Qg5 31. f4 Qg4 32. Rf1 Nxf5 33. Qe4 Re7 34. Be2
Qxg3 35. hxg3 Nxg3+ 36. Kh2 Nxe4 37. fxe5 Rxe5 0-1

[Event "Labour Day op"]
[Site "Toronto CAN"]
[Date "2014.08.31"]
[Round "4"]
[White "Plotkin, Victor"]
[Black "Samsonkin, Artiom"]
[Result "1-0"]
[WhiteElo "2428"]
[BlackElo "2538"]
[PlyCount "119"]
[EventDate "2014.08.30"]
[EventType "swiss"]
[EventRounds "6"]
[EventCountry "CAN"]

1. e4 c5 2. c3 Qa5 3. Nf3 d6 4. Bc4 Nf6 5. d3 Nc6 6. O-O Bg4 7. Qb3 Nd8 8. Ng5
e6 9. h3 Bh5 10. g4 Bg6 11. f4 h6 12. Nf3 a6 13. f5 Bh7 14. fxe6 fxe6 15. Bxe6
Nxe6 16. Qxe6+ Be7 17. Nh4 Qb5 18. c4 Qd7 19. Qxd7+ Nxd7 20. Nf3 O-O 21. Nc3
Rf7 22. Bd2 Raf8 23. Kg2 Nb8 24. Nd5 Nc6 25. Bc3 b5 26. b3 Bd8 27. Nd2 Bg5 28.
Rxf7 Rxf7 29. Nf3 Bd8 30. Rf1 Rb7 31. Kg3 bxc4 32. bxc4 Ba5 33. Bxa5 Nxa5 34.
Nc3 Nc6 35. Rf2 Bg6 36. Kf4 Bf7 37. Ke3 Be6 38. Nh4 Nd4 39. Nf3 Nc6 40. Nh4 Nd4
41. Nf5 Bxf5 42. exf5 Kf7 43. Ne4 Rb6 44. h4 a5 45. g5 hxg5 46. hxg5 a4 47. g6+
Kg8 48. Kf4 a3 49. Kg5 Rb2 50. f6 Ne6+ 51. Kg4 gxf6 52. Kf5 Ng5 53. Nxf6+ Kg7
54. Rf1 Nh3 55. Ne4 Rxa2 56. Rh1 Rf2+ 57. Nxf2 Nxf2 58. Rh7+ Kg8 59. Ra7 Nxd3
60. Kf6 1-0

[Event "Chicago op"]
[Site "Wheeling USA"]
[Date "2014.05.24"]
[Round "4.9"]
[White "Samsonkin, Artiom"]
[Black "Erenburg, Sergey"]
[Result "1/2-1/2"]
[WhiteElo "2415"]
[BlackElo "2633"]
[PlyCount "110"]
[EventDate "2014.05.22"]
[EventType "swiss"]
[EventRounds "9"]
[EventCountry "USA"]
[Source "Chess Mix"]

1. e4 e5 2. Nf3 Nf6 3. d4 Nxe4 4. dxe5 d5 5. Nbd2 Nc5 6. Nb3 Ne6 7. c4 dxc4 8.
Qxd8+ Nxd8 9. Bxc4 Be6 10. Bxe6 Nxe6 11. Nfd4 Nxd4 12. Nxd4 Bc5 13. Be3 Bxd4
14. Bxd4 Nc6 15. O-O-O O-O-O 16. Bc3 Ne7 17. Rhe1 h5 18. Rxd8+ Rxd8 19. Re3 Kd7
20. Rd3+ Ke8 21. Rg3 Nf5 22. Rf3 g6 23. h3 Rd5 24. Kc2 Ke7 25. Rf4 h4 26. a4 a6
27. Rc4 c5 28. a5 Ke6 29. Rf4 Rd7 30. b4 Kd5 31. bxc5 Kxc5 32. e6 fxe6 33. Rg4
Kd5 34. Rxg6 e5 35. Rg5 Ke6 36. Rg6+ Kd5 37. Rg5 Rf7 38. f3 e4 39. fxe4+ Kxe4
40. Rg4+ Ke3 41. Kb3 Rc7 42. Rc4 Rh7 43. Rg4 Kd3 44. Rf4 Ne3 45. Rd4+ Ke2 46.
Re4 Rh5 47. Re5 Rf5 48. Rxf5 Nxf5 49. Kc4 Kf2 50. Kc5 Kxg2 51. Kb6 Kxh3 52. Bf6
Nd6 53. Bxh4 Kxh4 54. Kc7 Nc4 55. Kxb7 Nxa5+ 1/2-1/2